[Event "Figueres op-B 13th"]
[Site "Figueres"]
[Date "2012.08.13"]
[Round "6"]
[White "Serra Canals, Oriol"]
[Black "Ortega Lopez, Adrian"]
[Result "1-0"]
[WhiteElo "1780"]
[BlackElo "1840"]
[PlyCount "65"]
[EventDate "2012.08.09"]
[EventType "swiss"]
[EventRounds "9"]
[EventCountry "ESP"]
[SourceTitle "EXT 2017"]
[Source "ChessBase"]
[SourceDate "2016.10.25"]
[SourceVersion "1"]
[SourceVersionDate "2016.10.25"]
[SourceQuality "1"]

1. d4 d5 2. c4 e6 3. Nf3 c6 4. e3 f5 5. Be2 Nf6 6. 0-0 Bd6 7. b3 0-0 8. Ba3 Qe7 9. Bxd6 Qxd6 10. Ne5 Nbd7 11. Nxd7 Bxd7 12. Nd2 e5 13. cxd5 Nxd5 14. Nc4 Qh6 15. Nxe5 Be6 16. Bc4 Rad8 17. Qe2 f4 18. e4 Nc7 19. Rad1 Kh8 20. Rd3 Qg5 21. Rfd1 Rd6 22. Bxe6 Nxe6 23. Qg4 Qxg4 24. Nxg4 Rfd8 25. d5 Nc7 26. Ne5 Kg8 27. Nc4 R6d7 28. d6 Ne6 29. Ne5 Nc5 30. Rd4 Ne6 31. R4d2 Nc5 32. Nxd7 Nxe4 33. Ne5 1-0

[Event "Euskadi-chT"]
[Site "Bergara"]
[Date "2010.01.09"]
[Round "1.4"]
[White "Ortega Lopez, Adrian"]
[Black "Alcaide Rodriguez, Mikel"]
[Result "0-1"]
[WhiteElo "1876"]
[BlackElo "1794"]
[PlyCount "48"]
[EventDate "2010.01.09"]
[EventType "team-tourn"]
[EventRounds "9"]
[EventCountry "ESP"]
[SourceTitle "EXT 2011"]
[Source "ChessBase"]
[SourceDate "2010.11.26"]
[SourceVersion "1"]
[SourceVersionDate "2010.11.26"]
[SourceQuality "1"]

1. e4 c5 2. Nf3 d6 3. d4 cxd4 4. Nxd4 Nf6 5. Nc3 g6 6. Be3 Bg7 7. f3 0-0 8. Qd2 Nc6 9. h4 Nxd4 10. Bxd4 Be6 11. h5 Qa5 12. g4 Rac8 13. Bh3 Qb4 14. 0-0-0 Rc4 15. h6 Bh8 16. g5 Nxe4 17. Nxe4 Qxd2+ 18. Nxd2 Rxd4 19. c3 Rd5 20. Bg2 Rxg5 21. Rdg1 Ra5 22. a3 Bf5 23. f4 b6 24. Nf3 Ra4 0-1

[Event "Huarte Puente Foral op-B 4th"]
[Site "Huarte"]
[Date "2009.12.02"]
[Round "2"]
[White "Diaz Redondo, Isidoro"]
[Black "Ortega Lopez, Adrian"]
[Result "0-1"]
[WhiteElo "1688"]
[BlackElo "1869"]
[PlyCount "94"]
[EventDate "2009.12.01"]
[EventType "swiss"]
[EventRounds "8"]
[EventCountry "ESP"]
[SourceTitle "EXT 2016"]
[Source "ChessBase"]
[SourceDate "2015.10.08"]
[SourceVersion "1"]
[SourceVersionDate "2015.10.08"]
[SourceQuality "1"]

1. e4 c5 2. Nf3 d6 3. d4 cxd4 4. Nxd4 Nf6 5. Nc3 g6 6. Be3 Bg7 7. Qd2 Ng4 8. Bb5+ Bd7 9. Bxd7+ Qxd7 10. Bg5 Nc6 11. Nxc6 Qxc6 12. f3 Bxc3 13. bxc3 Ne5 14. Qd4 f6 15. Bd2 Nc4 16. Rb1 Nxd2 17. Kxd2 b6 18. Rb3 Kf7 19. c4 Rhc8 20. Qd5+ e6 21. Qxc6 Rxc6 22. Kd3 Rac8 23. Rhb1 Rxc4 24. R1b2 e5 25. Ra3 R8c7 26. c3 Ke6 27. Rb4 Rxb4 28. cxb4 d5 29. exd5+ Kxd5 30. Rb3 f5 31. Kd2 e4 32. fxe4+ fxe4 33. a3 Kd4 34. Rh3 g5 35. Rg3 h6 36. Rh3 Rc6 37. Rb3 h5 38. b5 Rc5 39. Rb4+ Rc4 40. Rb3 h4 41. h3 e3+ 42. Ke2 Rc2+ 43. Kf3 Rf2+ 44. Kg4 Rxg2+ 45. Kf3 Rf2+ 46. Kg4 e2 47. Rb4+ Kd5 0-1

[Event "Condom op-A"]
[Site "Condom"]
[Date "2009.07.16"]
[Round "7"]
[White "Greabca, Irina"]
[Black "Ortega Lopez, Adrian"]
[Result "1/2-1/2"]
[WhiteElo "2061"]
[BlackElo "1861"]
[PlyCount "56"]
[EventDate "2009.07.11"]
[EventType "swiss"]
[EventRounds "9"]
[EventCountry "FRA"]
[SourceTitle "CBM 131 Extra"]
[Source "ChessBase"]
[SourceDate "2009.09.03"]
[SourceVersion "2"]
[SourceVersionDate "2009.09.16"]
[SourceQuality "1"]

1. d4 d5 2. Nf3 e6 3. g3 c6 4. Bg2 f5 5. 0-0 Nf6 6. c4 Be7 7. Qc2 0-0 8. Bf4 Bd6 9. Bxd6 Qxd6 10. c5 Qc7 11. Nbd2 Ne4 12. Ne5 Nd7 13. Ndf3 Nef6 14. Nd3 b5 15. cxb6 axb6 16. Rfc1 Bb7 17. Ng5 Qd6 18. b4 Rfc8 19. Qb2 b5 20. Nc5 Nxc5 21. bxc5 Qe7 22. a4 h6 23. Nf3 Rxa4 24. Rxa4 bxa4 25. Ra1 Ra8 26. Qb4 Qc7 27. Rxa4 Rxa4 28. Qxa4 Nd7 1/2-1/2

[Event "Pamplona op"]
[Site "Pamplona"]
[Date "2008.12.26"]
[Round "5"]
[White "De Pablos Fernandez, Mariano"]
[Black "Ortega Lopez, Adrian"]
[Result "1-0"]
[WhiteElo "2059"]
[BlackElo "1911"]
[PlyCount "57"]
[EventDate "2008.12.22"]
[EventType "swiss"]
[EventRounds "9"]
[EventCountry "ESP"]
[SourceTitle "CBM 127 Extra"]
[Source "ChessBase"]
[SourceDate "2009.01.08"]
[SourceVersion "2"]
[SourceVersionDate "2009.01.28"]
[SourceQuality "1"]

1. f4 g6 2. Nf3 Bg7 3. e3 Nf6 4. Be2 0-0 5. 0-0 Nc6 6. d3 d5 7. Nbd2 Re8 8. d4 e6 9. Kh1 Ne7 10. Qe1 Nf5 11. Bd3 Nd6 12. Rg1 Nd7 13. g4 f5 14. gxf5 exf5 15. Ne5 Ne4 16. Ndf3 Nxe5 17. dxe5 b6 18. Bd2 Bb7 19. Bxe4 dxe4 20. Ng5 Bh6 21. h4 Bxg5 22. hxg5 Qe7 23. Bc3 Rad8 24. Qe2 Qe6 25. b3 c5 26. Rad1 Qe7 27. Qc4+ Qf7 28. e6 Qc7 29. e7+ 1-0